LEADER 01015nam1 2200361 450 001 990000942710203316 035 $a0094271 035 $aUSA010094271 035 $a(ALEPH)000094271USA01 035 $a0094271 100 $a20020204d--------km-y0itay0103----ba 101 $ata 102 $aIT 105 $a||||||||001yy 200 1 $a<> origini della cultura europea$fGiovanni Semerano 210 $aFirenze$cL.S. Olschki 215 $av.$d25 cm 410 $12001 461 1$1001-------$12001 606 0 $aLingue indoeuropee e lingue semitiche 676 $a410.9 700 1$aSEMERANO,$bGiovanni$0257046 801 0$aIT$bsalbc$gISBD 912 $a990000942710203316 951 $aXII R COLL 4$bLM$cXII R COLL 959 $aBK 969 $aUMA 979 $aPATTY$b90$c20020204$lUSA01$h1550 979 $aPATTY$b90$c20020204$lUSA01$h1551 979 $c20020403$lUSA01$h1737 979 $aPATRY$b90$c20040406$lUSA01$h1705 996 $aOrigini della cultura europea$9239288 997 $aUNISA